[Event "XI Miedzynarodowy Festiwal Szachowy KOLO"]
[Site "KOLOBRZEG - Gimnazjum nr 3 - u"]
[Date "2010.??.??"]
[Round "4.2"]
[White "Krainski, Slawomir"]
[Black "Grabarczyk, Bogdan"]
[Result "0-1"]
[WhiteElo "2120"]
[BlackElo "2450"]
[PlyCount "96"]
[EventDate "2010.??.??"]

1. e4 c5 2. c3 Nf6 3. e5 Nd5 4. d4 cxd4 5. cxd4 d6 6. Bc4 Nb6 7. Bb5+ Bd7 8. e6
Bxb5 9. Qh5 Qc8 10. Qxb5+ Qc6 11. exf7+ Kxf7 12. Qf5+ Ke8 13. Qg5 Qd5 14. Nf3
Qxg5 15. Bxg5 Nc6 16. Nc3 h6 17. Be3 Nb4 18. Ke2 g6 19. Rac1 N4d5 20. Nxd5 Nxd5
21. Rc2 Bg7 22. Rhc1 Kd7 23. Nh4 g5 24. Nf5 Bf6 25. Ng3 Rhf8 26. Ne4 Bg7 27. a3
Rf5 28. Nc3 Ke6 29. Nxd5 Rxd5 30. Kd3 a5 31. Rc7 Rb5 32. Bd2 Bf6 33. Re1+ Kd5
34. Bc3 a4 35. Re4 Ra6 36. Rc4 Rb3 37. Rb4 Rxb4 38. Bxb4 Rc6 39. Bc3 b5 40. f4
g4 41. f5 h5 42. Re3 Rc8 43. Re4 Bg5 44. h3 gxh3 45. gxh3 Bf6 46. Be1 Rc1 47.
Re2 Rd1+ 48. Bd2 Bg5 0-1

[Event "XI Miedzynarodowy Festiwal Szachowy KOLO"]
[Site "KOLOBRZEG - Gimnazjum nr 3 - u"]
[Date "2010.??.??"]
[Round "4.3"]
[White "Bukowska, Katarzyna"]
[Black "Walczak, Krystian"]
[Result "1/2-1/2"]
[WhiteElo "2002"]
[BlackElo "1963"]
[PlyCount "126"]
[EventDate "2010.??.??"]

1. e4 c5 2. Nf3 d6 3. c3 Nf6 4. h3 e6 5. Bd3 Be7 6. O-O O-O 7. Bc2 c4 8. b3 b5
9. d4 cxd3 10. Qxd3 Bb7 11. Nbd2 Qc7 12. Bb2 a6 13. Rfe1 Nbd7 14. Rad1 Rac8 15.
Bb1 Rfd8 16. Qe2 Nc5 17. c4 bxc4 18. Qxc4 d5 19. exd5 Bxd5 20. Qe2 Ncd7 21.
Qxa6 Qf4 22. Qd3 Bc5 23. Bd4 Bb4 24. Qe3 Qxe3 25. Rxe3 Bb7 26. Nc4 Nd5 27. Red3
Nf4 28. Bb6 Nxd3 29. Bxd8 N7c5 30. Bb6 Nf4 31. a3 Ne2+ 32. Kh2 Nc3 33. axb4
Nxd1 34. bxc5 Bd5 35. Nd6 Ra8 36. Be4 Nc3 37. Bxd5 Nxd5 38. Nd4 Ra2 39. Kg3 Rd2
40. N4b5 Rd3+ 41. f3 Rxb3 42. Bd8 Nb4 43. Na7 Rd3 44. Ba5 Na6 45. Nb7 Nb8 46.
c6 Nxc6 47. Nxc6 Rd1 48. Bc7 Rd7 49. Be5 Rxb7 50. Bf4 Rb1 51. Ne5 f6 52. Ng4
Rb3 53. h4 e5 54. Bc1 e4 55. Kf4 exf3 56. gxf3 Rb4+ 57. Kg3 Kf7 58. Bd2 Ra4 59.
Be3 Ke6 60. Nf2 Ra3 61. Bc5 Ra4 62. Be3 Ra3 63. Bc5 Ra4 1/2-1/2

[Event "XI Miedzynarodowy Festiwal Szachowy KOLO"]
[Site "KOLOBRZEG - Gimnazjum nr 3 - u"]
[Date "2010.??.??"]
[Round "4.4"]
[White "Lada, Damian"]
[Black "Kobus, Sebastian"]
[Result "0-1"]
[WhiteElo "1594"]
[BlackElo "2080"]
[PlyCount "90"]
[EventDate "2010.??.??"]

1. e4 e5 2. Nf3 Nf6 3. Nxe5 d6 4. Nf3 Nxe4 5. Nc3 Nxc3 6. dxc3 Bg4 7. Be2 Nc6
8. Bf4 Qd7 9. Qd2 O-O-O 10. O-O-O Be7 11. Rhe1 Bf6 12. Nd4 Nxd4 13. cxd4 Rhe8
14. f3 Bf5 15. g4 Bg6 16. g5 Be7 17. d5 Qa4 18. Kb1 h6 19. b3 Qd7 20. h4 hxg5
21. hxg5 Kb8 22. Qb4 c5 23. Qc3 Qf5 24. Bc1 Bxg5 25. Bxg5 Qxg5 26. Bb5 Rxe1 27.
Rxe1 Qxd5 28. Re7 Qg5 29. Qe1 a6 30. Bd3 Bxd3 31. cxd3 Qf6 32. Qe4 d5 33. Qe3
Rc8 34. Re8 Rxe8 35. Qxe8+ Kc7 36. Qe3 Kb6 37. b4 Qd4 38. bxc5+ Qxc5 39. Qg5
Qb4+ 40. Kc2 Qa4+ 41. Kb1 Qd1+ 42. Kb2 Qxf3 43. Qd8+ Ka7 44. Qc7 Qf6+ 45. Ka3
Qb6 0-1

[Event "XI Miedzynarodowy Festiwal Szachowy KOLO"]
[Site "KOLOBRZEG - Gimnazjum nr 3 - u"]
[Date "2010.??.??"]
[Round "4.5"]
[White "Zielinski, Stanislaw"]
[Black "Pilat, Wieslaw"]
[Result "1-0"]
[WhiteElo "2138"]
[BlackElo "2004"]
[PlyCount "45"]
[EventDate "2010.??.??"]

1. Nf3 e6 2. d4 d5 3. Bf4 Bd6 4. Bg3 Ne7 5. e3 Nf5 6. Bd3 Nc6 7. c3 Qe7 8. Qb3
Bd7 9. Nbd2 O-O-O 10. O-O-O Nxg3 11. hxg3 h6 12. e4 dxe4 13. Nxe4 e5 14. Nxd6+
cxd6 15. d5 Na5 16. Qa3 b6 17. b4 Nb7 18. Qxa7 Kc7 19. Ba6 Rb8 20. a4 Qd8 21.
Rh4 Bxa4 22. Bxb7 Ra8 23. Bxa8+ 1-0

[Event "XI Miedzynarodowy Festiwal Szachowy KOLO"]
[Site "KOLOBRZEG - Gimnazjum nr 3 - u"]
[Date "2010.??.??"]
[Round "4.6"]
[White "Zielinski, Wojciech"]
[Black "Aly, Adel Mohamed"]
[Result "1-0"]
[WhiteElo "2008"]
[BlackElo "2132"]
[PlyCount "71"]
[EventDate "2010.??.??"]

1. e4 g6 2. d4 d6 3. Nc3 c6 4. Be3 Bg7 5. f3 Nd7 6. Qd2 b5 7. O-O-O Qa5 8. Kb1
Nb6 9. Nce2 Qxd2 10. Bxd2 f5 11. Bc1 fxe4 12. fxe4 Nf6 13. Ng3 a6 14. Be2 Bd7
15. Bf3 O-O-O 16. N1e2 Ng4 17. Rdf1 h5 18. h3 Nf6 19. Nf4 h4 20. Nge2 Rh6 21.
e5 Ng8 22. Nd3 dxe5 23. Bxh6 Nxh6 24. Nxe5 Bxe5 25. dxe5 Nc4 26. Rd1 Nxe5 27.
Be4 Nf5 28. Bxf5 gxf5 29. Nf4 Nf7 30. Rhe1 e5 31. Ng6 e4 32. Nxh4 Rg8 33. Rf1
Ne5 34. Nxf5 Bxf5 35. Rxf5 Nc4 36. Rf2 1-0

[Event "XI Miedzynarodowy Festiwal Szachowy KOLO"]
[Site "KOLOBRZEG - Gimnazjum nr 3 - u"]
[Date "2010.??.??"]
[Round "4.7"]
[White "Jewulski, Krzysztof"]
[Black "Chmiel, Piotr"]
[Result "0-1"]
[WhiteElo "2002"]
[BlackElo "1944"]
[PlyCount "64"]
[EventDate "2010.??.??"]

1. e4 e5 2. Nf3 Nc6 3. Bb5 a6 4. Ba4 Nf6 5. O-O b5 6. Bb3 Be7 7. Re1 d6 8. c3
Bg4 9. h3 Bh5 10. d3 O-O 11. Nbd2 Na5 12. Bc2 c5 13. Nf1 Nc6 14. Ng3 Bg6 15.
Nh4 Re8 16. Nxg6 hxg6 17. Bg5 Nh7 18. Bxe7 Qxe7 19. Qg4 Nd8 20. Bb3 Nf8 21. h4
Nde6 22. h5 gxh5 23. Qxh5 Nf4 24. Qf3 g6 25. d4 c4 26. Bc2 N8e6 27. Rad1 Qg5
28. dxe5 dxe5 29. Ne2 Kg7 30. Nxf4 Nxf4 31. Qg3 Qh5 32. Qh2 Ne2+ 0-1

[Event "XI Miedzynarodowy Festiwal Szachowy KOLO"]
[Site "KOLOBRZEG - Gimnazjum nr 3 - u"]
[Date "2010.??.??"]
[Round "4.8"]
[White "Zielinski, Maciej"]
[Black "Kramer, Norbert"]
[Result "1-0"]
[WhiteElo "1973"]
[BlackElo "1812"]
[PlyCount "57"]
[EventDate "2010.??.??"]

1. e4 d5 2. exd5 Qxd5 3. Nc3 Qd8 4. Bc4 Nf6 5. Nf3 a6 6. a4 Nc6 7. h3 Bf5 8.
O-O e6 9. d4 Qd6 10. Ne2 O-O-O 11. Bf4 Qb4 12. Bd3 Ne4 13. c3 Qb6 14. b4 Nxc3
15. Nxc3 Bxd3 16. Qxd3 Nxd4 17. Nxd4 Rxd4 18. Qg3 Rxb4 19. Rac1 c6 20. Rfe1 Bc5
21. Ne4 Bd4 22. Rcd1 c5 23. Nd6+ Kd7 24. Nxf7 Rf8 25. Qxg7 Rxf7 26. Qxf7+ Kc8
27. Rxe6 Bxf2+ 28. Kh1 Qxe6 29. Qxe6# 1-0

[Event "XI Miedzynarodowy Festiwal Szachowy KOLO"]
[Site "KOLOBRZEG - Gimnazjum nr 3 - u"]
[Date "2010.??.??"]
[Round "5.1"]
[White "Chmiel, Dominika"]
[Black "Grabarczyk, Bogdan"]
[Result "0-1"]
[WhiteElo "2170"]
[BlackElo "2450"]
[PlyCount "104"]
[EventDate "2010.??.??"]

1. e4 c5 2. Nf3 e6 3. d4 cxd4 4. Nxd4 a6 5. Nc3 d6 6. Be3 b5 7. Qd2 Bb7 8. f3
Ne7 9. Bd3 Nec6 10. O-O Nxd4 11. Bxd4 Nc6 12. Bf2 Be7 13. Rfd1 O-O 14. a3 Qc7
15. Rac1 Rfd8 16. Qf4 Ne5 17. Qg3 Bf6 18. Ne2 Rac8 19. Nf4 Nxd3 20. Nxd3 a5 21.
c3 e5 22. Be3 d5 23. Nf2 Be7 24. exd5 Bxd5 25. Ng4 f6 26. Nh6+ Kh8 27. Nf5 Bf8
28. Qf2 Bb3 29. Bb6 Rxd1+ 30. Rxd1 Qc6 31. Rc1 a4 32. Ng3 Rb8 33. Be3 Rd8 34.
h4 h6 35. Nf1 Rd3 36. Kh1 f5 37. Qe2 Qc4 38. Bf2 Rxc3 39. Qxc4 Rxc4 40. Rxc4
Bxc4 41. Ne3 Be6 42. Kg1 Kg8 43. Kf1 h5 44. Ke2 Kf7 45. Kd2 g6 46. Kc3 Bb3 47.
Nc2 Bxc2 48. Kxc2 Ke6 49. Kd3 Kd5 50. Be1 Be7 51. g3 Bc5 52. Kc2 e4 0-1

[Event "XI Miedzynarodowy Festiwal Szachowy KOLO"]
[Site "KOLOBRZEG - Gimnazjum nr 3 - u"]
[Date "2010.??.??"]
[Round "5.2"]
[White "Walczak, Krystian"]
[Black "Kukawski, Maciej"]
[Result "1-0"]
[WhiteElo "1963"]
[BlackElo "2327"]
[PlyCount "85"]
[EventDate "2010.??.??"]

1. e4 e5 2. Nf3 Nc6 3. d4 exd4 4. Bc4 Bc5 5. c3 Nf6 6. cxd4 Bb4+ 7. Bd2 Bxd2+
8. Nbxd2 d5 9. exd5 Nxd5 10. Qb3 Na5 11. Qa4+ Nc6 12. Qb3 Nce7 13. O-O O-O 14.
Rfe1 Nb6 15. Bd3 Ned5 16. Rac1 Be6 17. Bb1 g6 18. Ne4 Nf6 19. Nxf6+ Qxf6 20.
Qe3 c6 21. Qh6 Qg7 22. Qh4 Rad8 23. Rcd1 Nc4 24. b3 Nd6 25. Re5 Bd5 26. Nd2 Nb5
27. Rde1 Be6 28. Nf3 Rd7 29. Bd3 Nc7 30. Bc4 Rfd8 31. h3 h6 32. Qe4 Qf6 33. h4
Nd5 34. h5 Bf5 35. Qh4 g5 36. Qg3 Be6 37. Nd2 Nc7 38. Ne4 Qg7 39. Nc5 Bxc4 40.
Nxd7 Be6 41. Nc5 Rxd4 42. R5e4 Bd5 43. Qxc7 1-0

[Event "XI Miedzynarodowy Festiwal Szachowy KOLO"]
[Site "KOLOBRZEG - Gimnazjum nr 3 - u"]
[Date "2010.??.??"]
[Round "5.3"]
[White "Kobus, Sebastian"]
[Black "Bukowska, Katarzyna"]
[Result "1-0"]
[WhiteElo "2080"]
[BlackElo "2002"]
[PlyCount "89"]
[EventDate "2010.??.??"]

1. e4 e5 2. Nc3 Nf6 3. f4 d5 4. fxe5 Nxe4 5. Qf3 Nc6 6. Bb5 Nxc3 7. bxc3 Qh4+
8. g3 Qe4+ 9. Qxe4 dxe4 10. Bxc6+ bxc6 11. Ne2 Bc5 12. d4 exd3 13. cxd3 O-O 14.
d4 Be7 15. O-O Ba6 16. Re1 Rab8 17. Nf4 g5 18. Nh5 Rfe8 19. g4 Bc4 20. h3 c5
21. Ba3 cxd4 22. Bxe7 Rxe7 23. cxd4 c6 24. Rac1 Bd5 25. Re2 h6 26. Rc5 Kf8 27.
Nf6 Rb1+ 28. Kf2 Bh1 29. Rd2 Reb7 30. d5 Bxd5 31. Rdxd5 R7b2+ 32. Ke3 Re1+ 33.
Kd3 Rd1+ 34. Kc3 Rxd5 35. Nxd5 Rxa2 36. Rxc6 Ra3+ 37. Kd4 Rxh3 38. Rc8+ Kg7 39.
Nf6 h5 40. Nxh5+ Kh6 41. Rh8+ Kg6 42. Nf4+ gxf4 43. Rxh3 Kg5 44. Ke4 Kxg4 45.
Rh7 1-0

[Event "XI Miedzynarodowy Festiwal Szachowy KOLO"]
[Site "KOLOBRZEG - Gimnazjum nr 3 - u"]
[Date "2010.??.??"]
[Round "5.4"]
[White "Zielinski, Wojciech"]
[Black "Zielinski, Stanislaw"]
[Result "1/2-1/2"]
[WhiteElo "2008"]
[BlackElo "2138"]
[PlyCount "107"]
[EventDate "2010.??.??"]

1. e4 e5 2. Nf3 Nc6 3. Bb5 a6 4. Ba4 Nf6 5. d3 b5 6. Bb3 Bc5 7. c3 d6 8. O-O
O-O 9. Bg5 h6 10. Bh4 Ba7 11. Nbd2 Be6 12. Bc2 Ne7 13. Bxf6 gxf6 14. Re1 Ng6
15. Nf1 Nf4 16. Ng3 Kh7 17. a4 Rg8 18. axb5 axb5 19. d4 Qd7 20. Kh1 Bg4 21. Ra5
h5 22. Qa1 Bxf3 23. gxf3 Qh3 24. Rg1 h4 25. Rxa7 Rxg3 26. fxg3 Rxa7 27. Qf1
hxg3 28. Qxh3+ Nxh3 29. Rxg3 Ra1+ 30. Kg2 Nf4+ 31. Kf2 Ra2 32. Ke1 Rxb2 33. Kd2
c5 34. dxc5 dxc5 35. Kc1 Ra2 36. Kb1 Ra3 37. Kb2 b4 38. cxb4 cxb4 39. Bb3 Nd3+
40. Kc2 Ne1+ 41. Kb2 Nd3+ 42. Kc2 Nc5 43. Bxf7 Rc3+ 44. Kb1 b3 45. f4 Rxg3 46.
hxg3 Nxe4 47. fxe5 fxe5 48. Bxb3 Nd2+ 49. Kb2 Nxb3 50. Kxb3 Kg6 51. Kc4 Kg5 52.
Kd3 Kg4 53. Ke4 Kxg3 54. Kxe5 1/2-1/2

[Event "XI Miedzynarodowy Festiwal Szachowy KOLO"]
[Site "KOLOBRZEG - Gimnazjum nr 3 - u"]
[Date "2010.??.??"]
[Round "5.5"]
[White "Chmiel, Piotr"]
[Black "Zielinski, Maciej"]
[Result "1/2-1/2"]
[WhiteElo "1944"]
[BlackElo "1973"]
[PlyCount "135"]
[EventDate "2010.??.??"]

1. e4 e5 2. Nf3 Nc6 3. Bc4 Bc5 4. O-O Nf6 5. d4 exd4 6. e5 d5 7. exf6 dxc4 8.
Re1+ Be6 9. Ng5 Qd5 10. Nc3 Qf5 11. Nce4 O-O-O 12. g4 Qe5 13. Nxe6 fxe6 14.
fxg7 Rhg8 15. Bh6 d3 16. c3 Bd6 17. f4 Qd5 18. Qf3 Rd7 19. Kg2 Rf7 20. Rad1
Bxf4 21. Bxf4 e5 22. Ng5 Qxf3+ 23. Nxf3 Rxf4 24. Kg3 Rf7 25. Nxe5 Rfxg7 26. h3
Nxe5 27. Rxe5 b6 28. b3 cxb3 29. axb3 Rd8 30. Rd2 a5 31. h4 Rd6 32. g5 Kd8 33.
Kf4 Re7 34. h5 Rxe5 35. Kxe5 b5 36. Kf4 Ke7 37. Ke4 a4 38. b4 Ke6 39. Ke3 a3
40. g6 hxg6 41. hxg6 Kf6 42. Rf2+ Kxg6 43. Kd2 a2 44. Rf1 Ra6 45. Ra1 Kf5 46.
Kxd3 Ke5 47. Kc2 Kd5 48. Rd1+ Ke4 49. Ra1 Ke3 50. Kb2 Kd3 51. Kb3 Kd2 52. Kb2
Rc6 53. Rxa2 Rxc3 54. Ra8 Rd3 55. Rc8 Rd7 56. Rh8 Kd3 57. Kb3 Kd4 58. Rh5 c6
59. Rc5 Rd6 60. Rh5 Re6 61. Rc5 Rd6 62. Rh5 Rd5 63. Rh6 c5 64. Rh4+ Kd3 65.
Rh3+ Kd4 66. Rh4+ Ke5 67. bxc5 Rxc5 68. Kb4 1/2-1/2

[Event "XI Miedzynarodowy Festiwal Szachowy KOLO"]
[Site "KOLOBRZEG - Gimnazjum nr 3 - u"]
[Date "2010.??.??"]
[Round "5.6"]
[White "Pilat, Wieslaw"]
[Black "Krainski, Slawomir"]
[Result "0-1"]
[WhiteElo "2004"]
[BlackElo "2120"]
[PlyCount "104"]
[EventDate "2010.??.??"]

1. e4 c5 2. f4 d5 3. exd5 Nf6 4. Bb5+ Bd7 5. Bxd7+ Qxd7 6. c4 e6 7. Qe2 Bd6 8.
dxe6 Qxe6 9. Qxe6+ fxe6 10. d3 Nc6 11. Bd2 e5 12. Ne2 exf4 13. Na3 f3 14. gxf3
Ne5 15. O-O Nxd3 16. Nb5 Bb8 17. Rab1 O-O 18. Rfd1 a6 19. Be3 axb5 20. Rxd3
bxc4 21. Ra3 Bd6 22. Rxa8 Rxa8 23. Nc3 b6 24. Rd1 Be5 25. Rd2 Bxc3 26. bxc3 Ra3
27. Rc2 Nd5 28. Bd2 Kf7 29. Kf2 Ke6 30. Rb2 Kd6 31. Rc2 Kc6 32. Ke2 Ra7 33. Bc1
Rxa2 34. Kd2 Ra7 35. Ke2 Rf7 36. Bd2 Ra7 37. Bg5 Ra2 38. Kd2 Rxc2+ 39. Kxc2 Kb5
40. Bh4 Kc6 41. Bg3 b5 42. h4 b4 43. Be5 g6 44. cxb4 cxb4 45. f4 Kd7 46. Bd4
Ke6 47. Bc5 Kf5 48. Bd6 Kg4 49. h5 Kxh5 50. Bxb4 Nxb4+ 51. Kc3 Nd5+ 52. Kxc4
Nxf4 0-1

[Event "XI Miedzynarodowy Festiwal Szachowy KOLO"]
[Site "KOLOBRZEG - Gimnazjum nr 3 - u"]
[Date "2010.??.??"]
[Round "5.8"]
[White "Aly, Adel Mohamed"]
[Black "Jewulski, Krzysztof"]
[Result "1-0"]
[WhiteElo "2132"]
[BlackElo "2002"]
[PlyCount "47"]
[EventDate "2010.??.??"]

1. g3 e5 2. d3 d5 3. Bg2 f5 4. c4 Nf6 5. cxd5 Nxd5 6. Nf3 Bb4+ 7. Bd2 Nc6 8.
O-O Bxd2 9. Nbxd2 O-O 10. Qb3 Be6 11. e4 Nf4 12. Qxb7 Ne2+ 13. Kh1 Qd7 14. Rac1
Nxc1 15. Rxc1 fxe4 16. dxe4 Rab8 17. Qxc6 Rxb2 18. Qxd7 Bxd7 19. Rxc7 Ba4 20.
Bf1 Bd1 21. Kg2 g5 22. Bc4+ Kh8 23. Nxg5 Rxd2 24. Rxh7# 1-0

[Event "XI Miedzynarodowy Festiwal Szachowy KOLO"]
[Site "KOLOBRZEG - Gimnazjum nr 3 - u"]
[Date "2010.??.??"]
[Round "6.1"]
[White "Grabarczyk, Bogdan"]
[Black "Kobus, Sebastian"]
[Result "1-0"]
[WhiteElo "2450"]
[BlackElo "2080"]
[PlyCount "97"]
[EventDate "2010.??.??"]

1. e4 e5 2. Nf3 Nf6 3. d4 Nxe4 4. dxe5 d5 5. Nbd2 Bf5 6. Nd4 Bg6 7. Nxe4 Bxe4
8. f3 Bg6 9. h4 h5 10. Bd3 Bxd3 11. Qxd3 c5 12. Nf5 Qd7 13. c3 Nc6 14. Bf4 g6
15. Nd6+ Bxd6 16. exd6 Qe6+ 17. Kf2 O-O-O 18. Rhe1 Qf5 19. Qxf5+ gxf5 20. Rad1
d4 21. b4 cxb4 22. cxb4 a6 23. a4 b5 24. axb5 axb5 25. Rc1 Kb7 26. Rc5 Kb6 27.
Rxf5 Nxb4 28. Rd1 Nc6 29. Rxf7 Rhf8 30. Rxf8 Rxf8 31. Bg5 Rf7 32. Rc1 Rb7 33.
Ke2 b4 34. Kd3 Kb5 35. g4 b3 36. gxh5 b2 37. Rb1 Ka4 38. d7 Rb3+ 39. Ke4 Ka3
40. d8=Q Nxd8 41. Bxd8 Ka2 42. Rxb2+ Kxb2 43. Bf6 Re3+ 44. Kxd4 Rxf3 45. Ke5
Ra3 46. Kf5+ Kc2 47. h6 Ra7 48. Kg6 Kd3 49. h7 1-0

[Event "XI Miedzynarodowy Festiwal Szachowy KOLO"]
[Site "KOLOBRZEG - Gimnazjum nr 3 - u"]
[Date "2010.??.??"]
[Round "6.2"]
[White "Walczak, Krystian"]
[Black "Chmiel, Dominika"]
[Result "0-1"]
[WhiteElo "1963"]
[BlackElo "2170"]
[PlyCount "90"]
[EventDate "2010.??.??"]

1. e4 e5 2. Nf3 Nc6 3. d4 exd4 4. Bc4 Nf6 5. e5 d5 6. Bb5 Ne4 7. Nxd4 Bc5 8.
Be3 Bd7 9. Bxc6 bxc6 10. O-O Qe7 11. f3 Ng5 12. f4 Ne4 13. Nd2 Nxd2 14. Qxd2
O-O 15. c3 Bb6 16. Qf2 f6 17. exf6 Rxf6 18. Rfe1 Qf7 19. Qd2 Re8 20. a4 a5 21.
g3 Bg4 22. b4 c5 23. Nc2 axb4 24. cxb4 d4 25. Bf2 cxb4 26. Nxb4 Rfe6 27. Rxe6
Rxe6 28. Re1 Rxe1+ 29. Qxe1 Qe6 30. Nd3 Qxe1+ 31. Bxe1 Bf5 32. a5 Ba7 33. Ne5
d3+ 34. Kg2 Be4+ 35. Kf1 Kf8 36. Bb4+ Ke8 37. Ke1 Be3 38. Nc4 Bd4 39. g4 Bd5
40. Ne5 c5 41. Bd2 c4 42. Bb4 g5 43. a6 gxf4 44. Bd6 f3 45. a7 f2+ 0-1

[Event "XI Miedzynarodowy Festiwal Szachowy KOLO"]
[Site "KOLOBRZEG - Gimnazjum nr 3 - u"]
[Date "2010.??.??"]
[Round "6.3"]
[White "Kukawski, Maciej"]
[Black "Zielinski, Wojciech"]
[Result "1/2-1/2"]
[WhiteElo "2327"]
[BlackElo "2008"]
[PlyCount "82"]
[EventDate "2010.??.??"]

1. e4 e6 2. b3 d5 3. Bb2 dxe4 4. Nc3 Nf6 5. Qe2 Be7 6. O-O-O a5 7. g4 a4 8. Kb1
axb3 9. axb3 c6 10. Nxe4 Nxe4 11. Qxe4 Qa5 12. Qa4 Qxa4 13. bxa4 Rxa4 14. h3
O-O 15. Nf3 Nd7 16. d4 Nb6 17. Nd2 Rd8 18. Bd3 Bf6 19. c3 Ra8 20. Ne4 Be7 21.
h4 Bd7 22. g5 Be8 23. Rdg1 Na4 24. Ba1 Ra5 25. h5 Nb6 26. Nf6+ Bxf6 27. gxf6 g6
28. c4 Nd7 29. d5 e5 30. f4 Rda8 31. Bb2 Nc5 32. Bc2 exf4 33. hxg6 fxg6 34. f7+
Bxf7 35. Rxh7 Ra1+ 36. Bxa1 Rxa1+ 37. Kxa1 Kxh7 38. Rg4 cxd5 39. cxd5 Kh6 40.
Rxf4 Bxd5 41. Rf6 Ne4 1/2-1/2

[Event "XI Miedzynarodowy Festiwal Szachowy KOLO"]
[Site "KOLOBRZEG - Gimnazjum nr 3 - u"]
[Date "2010.??.??"]
[Round "6.4"]
[White "Zielinski, Stanislaw"]
[Black "Krainski, Slawomir"]
[Result "1-0"]
[WhiteElo "2138"]
[BlackElo "2120"]
[PlyCount "51"]
[EventDate "2010.??.??"]

1. e4 c5 2. Nc3 Nc6 3. f4 g6 4. Nf3 Bg7 5. Bc4 e6 6. f5 Nge7 7. fxe6 dxe6 8. d3
O-O 9. O-O Na5 10. Qe1 Nec6 11. Ne2 Nxc4 12. dxc4 Ne5 13. Nxe5 Bxe5 14. Bh6 Re8
15. Rd1 Qe7 16. Nf4 b6 17. Nd3 Bd4+ 18. Kh1 Bg7 19. Bxg7 Kxg7 20. Qc3+ Kg8 21.
Ne5 Rf8 22. Ng4 e5 23. Nf6+ Kg7 24. Rd5 Be6 25. Rxe5 Rfd8 26. Nd5 1-0

[Event "XI Miedzynarodowy Festiwal Szachowy KOLO"]
[Site "KOLOBRZEG - Gimnazjum nr 3 - u"]
[Date "2010.??.??"]
[Round "6.5"]
[White "Bukowska, Katarzyna"]
[Black "Chmiel, Piotr"]
[Result "1/2-1/2"]
[WhiteElo "2002"]
[BlackElo "1944"]
[PlyCount "93"]
[EventDate "2010.??.??"]

1. e4 e5 2. Nf3 Nc6 3. Bb5 a6 4. Ba4 Nf6 5. O-O b5 6. Bb3 Be7 7. d3 O-O 8. c3
d6 9. h3 Nb8 10. Nbd2 c5 11. Re1 a5 12. Nf1 Qc7 13. Ne3 Bb7 14. Nf5 Re8 15. a4
c4 16. Bc2 cxd3 17. Qxd3 bxa4 18. Bxa4 Nbd7 19. N3h4 Nc5 20. Qg3 Nh5 21. Qg4
Nxa4 22. Nxe7+ Qxe7 23. Nf5 Qf8 24. Qxh5 Nc5 25. Nh6+ Kh8 26. Nxf7+ Kg8 27. Ng5
h6 28. Nf3 Nxe4 29. Qg6 Nxf2 30. Kxf2 e4 31. Bxh6 exf3 32. Bxg7 Qf7 33. Qxf7+
Kxf7 34. Bd4 Rxe1 35. Rxe1 fxg2 36. Re3 Bd5 37. c4 Rg8 38. Rg3 Rxg3 39. Kxg3
Bxc4 40. Kxg2 Ke6 41. Kf3 Kd5 42. Bc3 a4 43. Ke3 Ba2 44. h4 Kc4 45. Bf6 Bb1 46.
h5 d5 47. h6 1/2-1/2

[Event "XI Miedzynarodowy Festiwal Szachowy KOLO"]
[Site "KOLOBRZEG - Gimnazjum nr 3 - u"]
[Date "2010.??.??"]
[Round "6.6"]
[White "Zielinski, Maciej"]
[Black "Kuznicki, Cyprian"]
[Result "1/2-1/2"]
[WhiteElo "1973"]
[BlackElo "2014"]
[PlyCount "86"]
[EventDate "2010.??.??"]

1. e4 c6 2. d4 d5 3. Nc3 dxe4 4. Nxe4 Nd7 5. Nf3 Ngf6 6. Ng3 e6 7. Bd3 Be7 8.
O-O O-O 9. c3 b6 10. Ne5 Bb7 11. f4 Qc7 12. Qe2 Bd6 13. Bd2 Rae8 14. Rae1 a5
15. Bb1 Nd5 16. c4 Ne7 17. Ne4 c5 18. Nxf7 Rxf7 19. Ng5 Rf6 20. Qh5 Nf8 21.
Qxe8 Bc6 22. Bxh7+ Kh8 23. Qh5 Rh6 24. Nf7+ Kxh7 25. Nxh6 gxh6 26. Qf7+ Kh8 27.
Qxf8+ Ng8 28. Qxd6 Qxd6 29. d5 exd5 30. cxd5 Qxd5 31. Bc3+ Kh7 32. Rf3 Qf7 33.
Rg3 Nf6 34. f5 Ne4 35. Rg7+ Qxg7 36. Bxg7 Kxg7 37. g4 Kf6 38. Kg2 Kg5 39. Kf3
Nf6+ 40. Kg3 Ne4+ 41. Kf3 Nf6+ 42. Kg3 Ne4+ 43. Kf3 Nf6+ 1/2-1/2

[Event "XI Miedzynarodowy Festiwal Szachowy KOLO"]
[Site "KOLOBRZEG - Gimnazjum nr 3 - u"]
[Date "2010.??.??"]
[Round "6.7"]
[White "Kramer, Norbert"]
[Black "Aly, Adel Mohamed"]
[Result "0-1"]
[WhiteElo "1812"]
[BlackElo "2132"]
[PlyCount "72"]
[EventDate "2010.??.??"]

1. Nf3 g6 2. d4 Bg7 3. c4 f5 4. Nc3 c5 5. d5 Bxc3+ 6. bxc3 Qa5 7. Qc2 d6 8. e3
Nd7 9. Bd3 Ngf6 10. Bd2 Nb6 11. O-O Bd7 12. Rfb1 Ba4 13. Qc1 Qa6 14. Qf1 Ne4
15. Be1 O-O-O 16. Kh1 e5 17. Qe2 Nf6 18. e4 fxe4 19. Bxe4 Nxe4 20. Qxe4 Qxc4
21. Qxc4 Nxc4 22. Ng5 Rd7 23. f3 Ne3 24. Rc1 c4 25. Rab1 Nxd5 26. Rb2 Nf4 27.
Rb4 b5 28. Rcb1 Nd3 29. Rxa4 bxa4 30. Bg3 h6 31. Ne4 d5 32. Nf6 Rd6 33. Ng4 Rb6
34. Rxb6 axb6 35. Nxe5 Re8 36. Nxg6 d4 0-1

[Event "XI Miedzynarodowy Festiwal Szachowy KOLO"]
[Site "KOLOBRZEG - Gimnazjum nr 3 - u"]
[Date "2010.??.??"]
[Round "6.8"]
[White "Lada, Damian"]
[Black "Jewulski, Krzysztof"]
[Result "1-0"]
[WhiteElo "1594"]
[BlackElo "2002"]
[PlyCount "97"]
[EventDate "2010.??.??"]

1. e4 e5 2. Nf3 Nf6 3. Nxe5 d6 4. Nf3 Nxe4 5. Nc3 Nxc3 6. dxc3 Nc6 7. Bf4 Bg4
8. Be2 Qd7 9. Qd2 O-O-O 10. O-O-O Be7 11. Rhe1 Rhe8 12. Nd4 Bxe2 13. Rxe2 Bf6
14. Rde1 Nxd4 15. cxd4 Rxe2 16. Rxe2 Qa4 17. c3 Qxa2 18. Bg5 Qa1+ 19. Kc2 Qa4+
20. Kc1 Re8 21. Bxf6 gxf6 22. Rxe8+ Qxe8 23. Qf4 Qe6 24. Kc2 f5 25. Kd3 d5 26.
f3 Kd7 27. Qh4 Qg6 28. Qf4 Kc6 29. g3 h6 30. Ke2 Qg5 31. Qe5 Qc1 32. Qf6+ Kb5
33. Qxf7 Qxb2+ 34. Kd3 Qb1+ 35. Kd2 Qa2+ 36. Ke3 Qc4 37. Kd2 a5 38. Qd7+ Ka6
39. Qe6+ c6 40. Qxf5 a4 41. Qd3 b5 42. Qxc4 dxc4 43. f4 b4 44. f5 a3 45. Kc2
bxc3 46. Kxc3 Kb5 47. f6 Ka4 48. f7 a2 49. Kb2 1-0

[Event "XI Miedzynarodowy Festiwal Szachowy KOLO"]
[Site "KOLOBRZEG - Gimnazjum nr 3 - u"]
[Date "2010.??.??"]
[Round "7.1"]
[White "Grabarczyk, Bogdan"]
[Black "Zielinski, Stanislaw"]
[Result "1-0"]
[WhiteElo "2450"]
[BlackElo "2138"]
[PlyCount "77"]
[EventDate "2010.??.??"]

1. e4 e5 2. Nf3 Nc6 3. d4 exd4 4. Nxd4 Nf6 5. Nxc6 bxc6 6. e5 Qe7 7. Qe2 Nd5 8.
g3 a5 9. Bg2 Qe6 10. O-O Ba6 11. c4 Nb6 12. b3 d5 13. Qf3 Be7 14. cxd5 cxd5 15.
Re1 O-O 16. Nc3 Rfd8 17. Bb2 Bb4 18. a3 Bxc3 19. Qxc3 a4 20. b4 Nc4 21. Rad1
Nxb2 22. Qxb2 Bc4 23. Qd4 Rab8 24. Rd2 Qb6 25. Qxb6 Rxb6 26. Rc1 Rbb8 27. Bf1
Kf8 28. Rdc2 Rb5 29. Bxc4 dxc4 30. Rxc4 Rxe5 31. Rxc7 Rd3 32. R1c3 Rd1+ 33. Kg2
Ra1 34. Ra7 g5 35. Rxa4 g4 36. h3 h5 37. hxg4 hxg4 38. Rc4 f5 39. Ra5 1-0

[Event "XI Miedzynarodowy Festiwal Szachowy KOLO"]
[Site "KOLOBRZEG - Gimnazjum nr 3 - u"]
[Date "2010.??.??"]
[Round "7.2"]
[White "Chmiel, Dominika"]
[Black "Kobus, Sebastian"]
[Result "1-0"]
[WhiteElo "2170"]
[BlackElo "2080"]
[PlyCount "75"]
[EventDate "2010.??.??"]

1. e4 e5 2. Bc4 Bc5 3. Nf3 d6 4. d3 Nf6 5. Nbd2 Nc6 6. c3 Bg4 7. Nf1 O-O 8. Bg5
h6 9. Bh4 Na5 10. b4 Nxc4 11. bxc5 Na5 12. Ne3 Bh5 13. g4 Bg6 14. Qd2 c6 15. g5
hxg5 16. Bxg5 Bh5 17. Nh4 dxc5 18. Nef5 Nc4 19. Bxf6 Nxd2 20. Bxd8 Nf3+ 21.
Nxf3 Bxf3 22. Be7 Bxh1 23. Ke2 Rfe8 24. Rxh1 g6 25. Nh6+ Kh7 26. Bg5 f5 27. Rg1
b5 28. exf5 e4 29. fxg6+ Kxg6 30. Be3+ Kf6 31. dxe4 Rxe4 32. Kd3 Ra4 33. Bxc5
Rxa2 34. Bd4+ Ke6 35. Rg6+ Kd7 36. Ng4 a5 37. Ne5+ Ke7 38. Bc5+ 1-0

[Event "XI Miedzynarodowy Festiwal Szachowy KOLO"]
[Site "KOLOBRZEG - Gimnazjum nr 3 - u"]
[Date "2010.??.??"]
[Round "7.3"]
[White "Aly, Adel Mohamed"]
[Black "Kukawski, Maciej"]
[Result "0-1"]
[WhiteElo "2132"]
[BlackElo "2327"]
[PlyCount "54"]
[EventDate "2010.??.??"]

1. g3 d5 2. Bg2 e5 3. d3 Nf6 4. Nf3 Bd6 5. O-O O-O 6. Nbd2 c6 7. e4 Re8 8. Qe2
Nbd7 9. b3 b5 10. Bb2 a5 11. a3 Ba6 12. Rfc1 Qb6 13. Rab1 Qa7 14. Nh4 Rab8 15.
exd5 cxd5 16. Nf5 Bc5 17. Ne3 e4 18. dxe4 dxe4 19. b4 axb4 20. axb4 Bxb4 21.
Bxf6 Bxd2 22. Bxg7 Bxe3 23. Qg4 f5 24. Qxf5 Bxf2+ 25. Kh1 Kxg7 26. Rf1 e3 27.
Rb4 e2 0-1